Language Quiz

Random Language Quiz

Word Etymology Match Quiz Stats

 Plays Quiz not verified by Sporcle

Score 0/34 Timer 10:00
0 Plays Today
% Correct
rendezvous
88.2%
koi
81.7%
guerrilla
75%
wok
74.6%
sauna
73.7%
ski
63.5%
stanza
63.4%
pogrom
62.9%
kayak
62.6%
wiki
54.9%
robot
54.8%
behemoth
53.5%
waffle (food)
52.7%
impala
51.9%
tundra
46.5%
yogurt
46%
tattoo (body art)
45.1%
% Correct
shampoo
42.5%
tungsten
42%
boomerang
40%
chili
39.5%
leather
37.9%
totem
37.8%
guano
37.1%
paddy (rice field)
36.8%
zenith
35.3%
slogan
29.3%
cobalt
28.5%
throne
25.3%
cobra
24.3%
boondocks
23.3%
tapioca
19.8%
catamaran
18.8%
coach
18%

You're not logged in!

Compare scores with friends on all Sporcle quizzes.
OR
Log In

Sporcle TV

Today on Sporcle TV


Watch our educational content, quiz creation guides, and fun videos on Sporcle TV.

Show Comments

Extras

Top Quizzes Today


Score Distribution

Your Account Isn't Verified!

In order to create a playlist on Sporcle, you need to verify the email address you used during registration. Go to your Sporcle Settings to finish the process.

Report this User

Report this user for behavior that violates our Community Guidelines.

Details: